000 00371nam a22001697a 4500
003 SGT
020 _a9789394102323
082 _a616.07
_bM24C
100 _aCHUGH,S.N
245 _aTEXT BOOK OF MEDICINE FOR MBBS
250 _a4TH
260 _aDELHI
_bARYA PUB.
_c2024
300 _a716, 1363
650 _aMEDICINE
653 _a MEDICINE , MBBS
942 _2ddc
_cBK
999 _c29110
_d29110